| 000 | 00440nam a2200169Ia 4500 | ||
|---|---|---|---|
| 008 | 230524s9999 xx 000 0 und d | ||
| 082 |
_a621.382 _bBOW |
||
| 100 | _aDonald J.Bowersox | ||
| 245 | 0 | _aLogistical Management: The Integrated Supply Chain Process | |
| 250 | _aIST | ||
| 260 |
_aNEW DELHI _bTMH _c2008 |
||
| 300 | _aXVI;723 | ||
| 500 | _aQuantity Number: 2 | ||
| 650 | _aManagement | ||
| 700 | _a David J.Closs | ||
| 942 | _cBK | ||
| 999 |
_c45436 _d45436 |
||